Etnografía del malestar vial en Costa Rica. Ponencia del proyecto: Dimensiones Socioculturales del Malestar Vial en Costa Rica /

Dimensiones socioculturales del malestar vial en Costa Rica consiste en una exploración realizada desde las ciencias sociales, acerca de los factores socioculturales envueltos en las dinámicas destructivas y violentas que se construyen en el entorno vial. El presente escrito versa sobre el primer fr...

Deskribapen osoa

Gorde:
Xehetasun bibliografikoak
Egile nagusia: Sánchez Lovell, Adriana
Formatua: Texto
Gaiak:
Etiketak: Etiketa erantsi
Etiketarik gabe, Izan zaitez lehena erregistro honi etiketa jartzen!

MARC

LEADER 00000 a a2200000 04500
001 8933
003
040
100 |a Sánchez Lovell, Adriana  
245 |a Etnografía del malestar vial en Costa Rica. Ponencia del proyecto:   |b Dimensiones Socioculturales del Malestar Vial en Costa Rica /  |c Adriana Sánchez Lovell 
520 |a Dimensiones socioculturales del malestar vial en Costa Rica consiste en una exploración realizada desde las ciencias sociales, acerca de los factores socioculturales envueltos en las dinámicas destructivas y violentas que se construyen en el entorno vial. El presente escrito versa sobre el primer fragmento de la investigación, y consiste en un estudio etnográfico de los factores culturales y las relaciones sociales e institucionales que se construyen al interior y en torno al dinamismo constituyente de la problemática vial que caracteriza las carreteras costarricenses. En tema reviste particular importancia en tanto la revisión de antecedentes evidencia que se parte de una tema casi inexplorado desde una perspectiva  
650 |a ACCIDENTES DE TRANSITO  
650 |a VIOLENCIA  
650 |a MEDIOS DE COMUNICACION  
650 |a INVESTIGACION SOCIAL  
650 |a COSTA RICA  
773 |g volumen 5, número 5; página 27  
999 |c 29496  |d 29496